| 000 | 02056cam a2200481 4500 | ||
|---|---|---|---|
| 001 | 13980 | ||
| 003 | http://catalogue.bnf.fr/ark:/12148/cb47500283c | ||
| 005 | 20251211154043.0 | ||
| 010 |
_a9782958676476 _d6 EUR |
||
| 020 |
_aFR _b02437077 |
||
| 073 | 0 | _a9782958676476 | |
| 090 | _a13980 | ||
| 099 | _o0 | ||
| 100 | _a20240624d2024 a y0frey50 ba | ||
| 101 | 0 | _afre | |
| 102 | _aFR | ||
| 105 | _a||||z 00|a| | ||
| 181 | 0 |
_601 _ai _bxxxe |
|
| 181 |
_602 _ctxt _2rdacontent |
||
| 182 | 0 |
_601 _an |
|
| 182 |
_602 _cn _2rdamedia |
||
| 200 | 1 |
_aHors de soi _bLIVR |
|
| 214 | 0 |
_cla Maison théâtre _dDL 2024 |
|
| 214 | 3 | _cOtt impr. | |
| 214 | 0 | _aStrasbourg | |
| 214 | 3 | _a67-Wasselonne | |
| 215 | _a1 vol. (39 p.) | ||
| 215 | _d21 cm | ||
| 225 |
_aLes cahiers théâtre _vn° 15 |
||
| 225 | _e12-14 ans | ||
| 300 | _aCommande de la Maison théâtre dans le cadre du projet "Que ça bouge !" | ||
| 321 |
_aLa Revue des livres pour enfants _x0398-8384 _c340 |
||
| 330 | _a« C'est le bordel ! » Cette phrase revient en boucle dans le bureau de la direction du collège où sont présent·e·s les enseignant·e·s et une représentante des parents d'élèves. Les 3èmeC et Mme Hartman se sont enfermé·e·s dans la salle 204 en glissant un mot sous la porte « que ça bouge ». Et si c'était pour donner d'autres couleurs à la vie des élèves et des enseignant·e·s ! Dans une pièce pleine d‘humour et de sensibilité, Marylin Mattei brosse un tableau réaliste et plein d'espoir sur la vie d'un collège où tout pourrait bouger si… | ||
| 333 | _aÀ partir de 13 ans | ||
| 410 | 0 | _047252827 | |
| 410 | 0 |
_tLes Cahiers théâtre (Strasbourg) _x3039-5577 _v15 |
|
| 608 |
_aThéâtre _2CNLJ |
||
| 610 |
_aEducation _acollège |
||
| 686 |
_a802 _2Cadre de classement de la Bibliographie nationale française |
||
| 700 |
_aMattei _bMarilyn _f1985-.... |
||
| 700 |
_317081801 _oISNI0000000459760223 _4070 |
||
| 801 | 0 |
_aFR _bFR-751131015 _c20240624 _gAFNOR _hFRBNF475002830000004 |
|
| 856 | 2 |
_u894164 _bPremière de couverture |
|